000 03647cam a22004817 4500
001 t9g67gv2r7rm9d4g
003 LIBRIS
005 20231018065335.0
008 230302s2022 xxk|||||||||||000 0|eng|d
015 _aGBC2A2530
_2bnb
016 7 _a020640962
_2Uk
020 _a9780500025307
020 _a0500025304
035 _a(OCoLC)on1329224823
040 _aLaib
_beng
_cERASA
_dUKMGB
_dOCLCF
_dNZAUC
_dNETUE
_dLaib
041 _aeng
050 4 _aNA680
082 0 4 _a720.47 B22 2022
_223/swe
084 _aIc
_2kssb/8 (machine generated)
100 1 _aBingham-Hall, Patrick.
245 1 0 _aWOHA. New forms of sustainable architecture /
_cPatrick Bingham-Hall; essays by Nirmal Kishnani and Timothy Beatley.
264 1 _aLondon :
_bThames & Hudson Ltd.
_c2022
300 _a319 p.
_billustrated
_c28 cm.
336 _atext
_btxt
_2rdacontent
336 _astill image
_bsti
_2rdacontent
337 _aunmediated
_bn
_2rdamedia
338 _avolume
_bnc
_2rdacarrier
505 8 _aVirtuous architecture -- Wong Mum Summ and Richard Hassell -- WOHA's residential architecture: rigour and certitude -- WOHA at the turn of the millennium -- Sky cities and towers of green -- A new way of building in the Tropics: the first decade of public architecture -- Aesthetics and sustainability -- Macro-architecture micro-urbanism -- Building for the world: a second decade of public architecture -- Garden City mega city: rethinking cities for the age of global warming -- Scaling up and up: designing cities of the future -- Regenerating cities -- Converge + connect + intersect. The Form Axiom / Nirmal Kishani -- Buildings that bloom, cities that regenerate and flourish / Timothy Beatley -- Projects.
520 8 _aWOHA is at the vanguard of urban and ecological revitalization in Singapore and a pioneer of Southeast Asia's green-building revolution. Founded by Wong Mun Summ and Richard Hassell in 1994, Singapore's most dynamic architecture studio is known for delivering innovative and sustainable design solutions to combat the challenges of climate change, biodiversity loss, and urbanization. 00Even within Singapore's leading-edge architecture scene, WOHA have broken new ground, and they are continuing to do so in our rapidly expanding cities where far-sighted thinking is imperative to sustainable and sociable development. Its projects stretch from Singapore to Bangladesh, China and Australia, where the practice's ambitions are being realized in works like the self-sufficient Punggol Digital District in Singapore.00This complete overview documents WOHA's pioneering sustainable and built work, with important ongoing projects followed by a listed chronology. It is a timely assessment of the practical realization of WOHA's theories and principles, and the environmental responsibilities now shouldered by architects and urban planners worldwide.
610 2 0 _aWOHA (Firm)
610 2 7 _aWOHA (Firm)
_2fast
650 7 _aArchitecture -- Environmental aspects -- Case studies | Sustainable development
_xmilj�aspekter
_0https://id.kb.se/term/sao/Arkitektur--milj%C3%B6aspekter
_2sao
_zSustainable development
650 0 _aSustainable architecture
_zSingapore.
650 7 _aSustainable architecture.
_2fast
651 7 _aSingapore.
_2fast
700 1 _aKishnani, Nirmal.
700 1 _aBeatley, Timothy.
887 _a{"@id":"t9g67gv2r7rm9d4g","modified":"2023-03-02T12:57:26.966+01:00"}
_2librisxl
887 _a{"@id":"r7d46154pv89833s","modified":"2023-03-08T10:27:42.665+01:00"}
_2librisxl
942 _2ddc
_cBK-EN
_n0
999 _c6192
_d6192